Resumes for dummies / (Record no. 2773)

MARC details
000 -LEADER
fixed length control field 00686nam a2200229 a 4500
001 - CONTROL NUMBER
control field 2775
005 - DATE AND TIME OF LATEST TRANSACTION
control field 20221127090605.0
008 - FIXED-LENGTH DATA ELEMENTS--GENERAL INFORMATION
fixed length control field 120306s lxxua 00100 eng d
020 ## - INTERNATIONAL STANDARD BOOK NUMBER
International Standard Book Number 0764554719(pbk) :
Terms of availability SR00.00
035 ## - SYSTEM CONTROL NUMBER
System control number 63
082 04 - DEWEY DECIMAL CLASSIFICATION NUMBER
Classification number 650.142
Item number K383 2003
100 1# - MAIN ENTRY--PERSONAL NAME
Personal name Kennedy, Joyce Lain.
245 10 - TITLE STATEMENT
Title Resumes for dummies /
Statement of responsibility, etc. Joyce Lain Kennedy.
250 ## - EDITION STATEMENT
Edition statement 4th ed.
260 ## - PUBLICATION, DISTRIBUTION, ETC.
Place of publication, distribution, etc. New York :
Name of publisher, distributor, etc. John Wiley,
Date of publication, distribution, etc. 2003.
300 ## - PHYSICAL DESCRIPTION
Extent xxiv, 353 p. :
Other physical details ill. ;
Dimensions 24 cm.
500 ## - GENERAL NOTE
General note Includes index.
650 #4 - SUBJECT ADDED ENTRY--TOPICAL TERM
Topical term or geographic name entry element Cover letters
Form subdivision Handbooks, manuals, etc.
650 #4 - SUBJECT ADDED ENTRY--TOPICAL TERM
Topical term or geographic name entry element Job hunting
Form subdivision Handbooks, manuals, etc.
650 #4 - SUBJECT ADDED ENTRY--TOPICAL TERM
Topical term or geographic name entry element Resumes(Employment).
650 #4 - SUBJECT ADDED ENTRY--TOPICAL TERM
Topical term or geographic name entry element Applications for positions.
Holdings
Withdrawn status Lost status Source of classification or shelving scheme Damaged status Not for loan Home library Current library Date acquired Total Checkouts Full call number Barcode Date last seen Copy number Price effective from Koha item type
              11/27/2022   650.142 K383 2003 1000000006749 11/27/2022 C1 11/27/2022 Book